000 01048cam a22002771i 4500
003 SA-RiAUC
005 20250717093634.0
008 250716s2003 le g 00000 ara c
040 _aJU
_bara
_cSA-RiAUC
_erda
041 1 _aara
_hund
043 _aa-su---
082 0 4 _a915.3104
090 _a915.3104
_bا ل ا
100 1 _aآل أحمد، جلال،
_d1923-1969
_eمؤلف.
245 1 0 _aقشة في الميقات :
_bمشاهدات وانطباعات وهواجس رحلة مثقف إلى الحج /
_cجلال آل أحمد ؛ ترجمة حيدر نجف.
264 1 _aبيروت :
_bدار الهادي للطباعة والنشر والتوزيع،
_c2003.
300 _a187 صفحة،
_c24 سم.
336 _aنص
_btxt
_2rdacontent
_3كتاب
337 _aبدون وسيط
_bn
_2rdamedia
338 _aمجلد
_bnc
_2rdacarrier
650 7 _aالرحلات
_xتاريخ
_2aucsh
650 7 _aالحج
_2aucsh
700 1 _aنجف، حيدر
_eمترجم.
942 _2ddc
_cBOOK
_n0
949 _aSA-JeALM
_d250716
_umohamedma123
_n1
999 _c10020
_d10020